00285nam a2200121Ia 4500003000400000005001700004008004100021020001900062040001700081100001800098245002300116260002400139OSt20240301112001.0170524s9999 xx 000 0 und d a978-8179650097 ciimtu meerut aTNEJA- JAYDEV 0aRANGKARM AUR MEDIA bN DELHI TAKSHSHILA